The book of People

Salvato in:
Dettagli Bibliografici
Autore principale: Andersen, Christopher
Natura: Libro
Lingua:inglese
Tags: Aggiungi Tag
Nessun Tag, puoi essere il primo ad aggiungerne!!

MARC

LEADER 00000nam a2200000 4500
005 20240731184308.0
008 240731b |||||||| |||| 00| 0 eng d
040 |c GP 
100 |a Andersen, Christopher 
245 |a The book of People 
942 |2 ddc  |c BK  |n 0 
952 |0 0  |1 0  |2 ddc  |4 0  |6 810_000000000000000_AND  |7 1  |9 1743  |a RM  |b RM  |d 2024-07-31  |l 0  |o 810 AND  |p 535  |r 2024-07-31 18:43:26  |w 2024-07-31  |y BK 
999 |c 1559  |d 1559